| 000 | 03180nam a2200565Ia 4500 | ||
|---|---|---|---|
| 001 | 648 | ||
| 008 | 241029s9999 xx 000 0 und d | ||
| 010 | _a586 | ||
| 041 | _aEspañol | ||
| 082 | _aNO APLICA | ||
| 245 | 0 | _aNivel de Uso de los Recursos Tecnológicos en la Enseñanza de la Lectura y Escritura en las Aulas del Grado Pre-Primario del Nivel Inicial, Correspondiente al Distrito Educativo 15-03, Sector Publico, Durante el Primer Periodo del Año Escolar 2011-2012. | |
| 260 | _aDistrito Nacional | ||
| 300 | _a126 | ||
| 520 | _a29 | ||
| 630 | _aEnseñanza-Aprendizaje | ||
| 630 | _aLectoescritura | ||
| 630 | _aRecursos Tecnológicos | ||
| 630 | _aTecnología Educativa | ||
| 650 | _aTecnología Educativa | ||
| 690 | _aElaborado | ||
| 700 |
_easesor _aBravo, Delfina |
||
| 700 |
_eautor _aBonifacio, Evelyn Paula |
||
| 700 |
_eautor _aCruz Castillo , Ramona |
||
| 901 |
_a{"1":"Bonifacio","2":"Cruz Castillo "} _b{"1":"Evelyn Paula","2":"Ramona"} |
||
| 902 | _a1 | ||
| 903 |
_a{"1":"Bravo"} _b{"1":"Delfina"} |
||
| 904 | _aMaestría en | ||
| 905 | _aTecnología Educativa | ||
| 906 | _a2 | ||
| 907 | _aNO APLICA | ||
| 908 | _aNO APLICA | ||
| 909 | _aUniversidad Autónoma de Santo Domingo (UASD) | ||
| 910 |
_aNULL _bNULL |
||
| 911 | _a["1"] | ||
| 912 | _aNO APLICA | ||
| 913 | _aNULL | ||
| 914 | _a01 de Enero de 2012 | ||
| 915 | _a06/06/14 10:06 | ||
| 916 | _aNULL | ||
| 917 | _aNULL | ||
| 918 | _aNO APLICA | ||
| 919 | _a["89","128","218","191"] | ||
| 520 | _aEl objetivo fundamental de esta investigación consistió en determinar el nivel de uso de los recursos tecnológicos en la enseñanza de la lectura y escritura en las aulas del Grado Pre-primario del Nivel Inicial, correspondiente al Distrito Educativo 15-03, sector público. El enfoque de esta investigación fue de corte cualitativo-cuantitativo. El tipo de investigación de de alcance exploratorio-descriptivo. Los métodos utilizados fueron el inductivo-deductivo y el análisis-síntesis. Las técnicas de recolección de información fueron la revisión de la literatura, la observación cualitativa y la entrevista estructurada.Las conclusiones obtenidas de esta investigación según los objetivos planteados fueron: los docentes conocen los distintos tipos de recursos tecnológicos pero lo conceptual no lo llevan a la práctica. Los recursos que predominan en las aulas son las radios, los CD de canciones y cuentos infantiles y en algunos centros se encuentran computadoras. Casi la totalidad de docentes ha tenido la capacitación adecuada con referencia a los recursos tecnológicos. Estas capacitaciones no guardan relación con las practicas tecnológicas que se desarrollan en las aulas del nivel inicial. En conclusión general, los docentes el nivel inicial del distrito 15-03 tienen conocimientos y las capacitaciones sobre los recursos tecnológicos, pero los mismos no aplican estos recursos en las aulas, solo teniendo como base los recursos antiguos sin actualización de las estrategias y recursos actuales. | ||
| 921 | _a16 | ||
| 922 | _a16 | ||
| 923 | _a0 | ||
| 924 | _aNO APLICA | ||
| 942 | _cTesis | ||
| 999 |
_c586 _d586 |
||